00567 2200193 4500001002100000005001500021035002000036007000300056008003900059082001000098084001700108100002300125245010800148260004100256300004200297650001100339650001000350022001300360INLIS00000000000094220240909085113 a0010-0924000020ta240909 | | |  a635.6 a635.6 ABD r0 aAbdelrahman Shawky1 aRevolutionizing Tomato Cultivation: CRISPR/Cas9 Mediated Biotic Stress Resistance /cAbdelrahman Shawky aSwitzerland, Basel :bMDPI AG,c2024 a1-21 hlm, :bilus, ;c21 cm X 29,5 cm 4aJurnal 4aTomat a22237747